Normal view MARC view
  • Auction Mart (London, England)

Entry Corporate Name

Number of records used in: 1

001 - CONTROL NUMBER

  • control field: 6047

003 - CONTROL NUMBER IDENTIFIER

  • control field: OSt

005 - DATE AND TIME OF LATEST TRANSACTION

  • control field: 20190806150249.0

008 - FIXED-LENGTH DATA ELEMENTS

  • fixed length control field: 120424n| acannaabn |n ana d

040 ## - CATALOGING SOURCE

  • Original cataloging agency: OSt
  • Transcribing agency: OSt

110 2# - HEADING--CORPORATE NAME

  • Corporate name or jurisdiction name as entry element: Auction Mart (London, England)

670 ## - SOURCE DATA FOUND

  • Source citation: A detailed prospectus of the auction mart, 1809